MENTOR IN SCIENCE X (Record no. 11213)
[ view plain ]
| 000 -LEADER | |
|---|---|
| fixed length control field | 00251nam a22000977a 4500 |
| 008 - FIXED-LENGTH DATA ELEMENTS--GENERAL INFORMATION | |
| fixed length control field | 181009b ||||| |||| 00| 0 eng d |
| 020 ## - INTERNATIONAL STANDARD BOOK NUMBER | |
| International Standard Book Number | 9788182966802 |
| 100 ## - MAIN ENTRY--PERSONAL NAME | |
| Personal name | CBSE |
| 9 (RLIN) | 6967 |
| 245 ## - TITLE STATEMENT | |
| Title | MENTOR IN SCIENCE X |
| 260 ## - PUBLICATION, DISTRIBUTION, ETC. (IMPRINT) | |
| Place of publication, distribution, etc. | NEW DELHI |
| Name of publisher, distributor, etc. | Arya publicayion |
| Date of publication, distribution, etc. | 2018 |
| Withdrawn status | Lost status | Source of classification or shelving scheme | Damaged status | Koha normalized classification for sorting | Not for loan | Home library | Current library | Shelving location | Date acquired | Total Checkouts | Total Renewals | Full call number | Barcode | Date last seen | Date last checked out | Price effective from | Koha item type |
|---|---|---|---|---|---|---|---|---|---|---|---|---|---|---|---|---|---|
| Dewey Decimal Classification | CBS_500_000000000000000 | Good Samaritan School Library | Good Samaritan School Library | Science | 10/09/2018 | 14 | 6 | CBS500 | CBS15141 | 10/05/2023 | 09/14/2023 | 10/09/2018 | BOOK |